000 00853nam0a22002651 4500
001 rc\4437602
005 20250611173501.0
021 _aRU
_b[62-33004]
035 _a(NLR Aleph) 008313922
090 _a8714719
_c8714719
100 _a20130416d1962 |||y0rusy50 ca
101 0 _arus
102 _aRU
105 _aa z |||a|
200 1 _aШхуна с белыми парусами
210 _aТомск
_cКн. изд-во
_d1962
215 _a28 с.
_cил.
_d21
423 0 _11010#$arus
_12001#$a[Осенью]$eРассказы$e[Для детей]
_t[Осенью]
700 1 _aИванов
_bВ. Ф.
_cпрозаик, поэт
_f1922-1968
_gВадим Филиппович
_9225138
_3RU\NLR\AUTH\770225194
801 0 _aRU
_bNLR
_gpsbo
801 1 _aRU
_bELAR
_2rusmarc
852 _aNLR
_j62-4/8451
942 _cBOOK
980 _aNB